[Event "Emanuel Lasker Open 2017"]
[Site "Gorzow"]
[Date "2017.06.16"]
[Round "5"]
[White "Koziak, Vitali"]
[Black "Janik, Igor"]
[Result "1-0"]
[WhiteElo "2515"]
[BlackElo "2422"]
[Annotator "TA"]
[PlyCount "155"]
[EventDate "2017.??.??"]
[EventType "swiss"]
[EventCountry "POL"]
[SourceTitle "playchess.com"]
[Source "ChessBase"]
[SourceQuality "1"]

{[%evp 13,155,-33,6,0,22,22,20,20,83,76,78,93,111,128,127,128,133,102,112,95,85,91,137,52,48,53,45,54,84,95,112,118,132,129,124,114,119,89,83,56,56,56,56,59,65,65,61,59,58,58,90,82,83,72,82,77,142,133,147,157,155,164,156,147,163,158,225,151,147,149,156,150,146,137,158,96,97,106,123,120,112,74,137,127,131,86,113,79,52,34,33,35,93,79,76,65,74,39,43,0,0,0,33,29,23,28,30,18,79,75,128,119,139,138,274,206,180,206,204,193,220,175,160,187,275,266,272,266,247,234,520,517,753,752,752,745,739,731,918,897,1322,12850,4922,4914]} 1. c4 e5 2. Nc3 Nf6 3. Nf3 Nc6 4. e3 Bb4 5. Qc2 O-O 6. Nd5 Re8 7. Bd3 h6 8. a3 {A28: English Opening: Four Knights Variation} Bd6 9. Nxf6+ Qxf6 10. O-O {The position is equal.} g5 $146 (10... b6 $11) ({Predecessor:} 10... b6 11. Bh7+ Kh8 12. Be4 Bb7 13. b4 Qe7 14. Bb2 a5 15. c5 bxc5 16. bxc5 Bxc5 17. Nxe5 Nxe5 18. Bxb7 {½-½ (47) Cyborowski,L (2526)-Abergel,T (2413) Germany 2014}) 11. Bh7+ $16 Kh8 12. b4 g4 13. Ne1 Bf8 14. f3 Qg7 15. Bf5 g3 16. Bb2 gxh2+ 17. Kh1 Ne7 18. Bh3 (18. Be4 $16) 18... d6 $14 19. Bxc8 Raxc8 20. f4 {[%cal Bf3f4,Bf4e5,Be5d6][%mdl 32]} Qg6 21. fxe5 Bg7 22. exd6 $1 (22. Kxh2 $6 Bxe5+ 23. Bxe5+ dxe5 $11) 22... Qxc2 23. Bxg7+ Kxg7 24. Nxc2 cxd6 25. Rf4 Ng6 26. Rd4 Ne5 27. Rxd6 Nxc4 28. Rd4 Ne5 29. Ra2 Re6 30. Kxh2 Rg6 31. Rf4 Rg5 32. Rf1 Kh8 33. Kg1 Nd3 34. Ne1 ({But not} 34. Rxf7 Rcg8 $15) 34... Nc1 (34... Nxe1 $142 35. Rxe1 Kg7) 35. Rc2 $16 Ne2+ 36. Kf2 Rxc2 37. Nxc2 {[%mdl 4096] Endgame KRN-KRN} Ng3 38. Rd1 Ne4+ 39. Kf3 f5 (39... Nd6 $16 40. e4 Rg6) 40. Ne1 Kg7 41. d3 Nd6 42. Rc1 Kf6 43. Rc7 Rh5 44. g3 (44. a4 $142) 44... Rh1 45. Rc1 Rh2 {[#]} 46. Rc2 $1 {[%cal Rc2h2]} Rh1 47. Re2 {Black must now prevent Kg2.} Rh5 ({Black should try} 47... Nb5) 48. Kg2 Rg5 49. Nf3 Rg7 50. Rc2 f4 51. exf4 Nf5 {Threatens to win with ...Ne3+.} 52. Kf2 Nxg3 (52... Rxg3 $14 53. Rc4 Rg4) 53. Nd2 Nf5 54. Ne4+ Kg6 55. Rc1 Rd7 56. Rc3 h5 57. Nc5 Rc7 58. Rc1 b6 59. Rg1+ Kh6 60. Rg5 Nd4 (60... Ng7 $11) 61. Ne4 Rf7 {[#]} ({Black should play} 61... Rd7) 62. Rd5 $1 {[%cal Rd5d6] Strongly threatening Rd6+.} Nc2 63. f5 Nxa3 (63... h4 $16 64. Kf3 h3) 64. Rd6+ Kg7 65. Rg6+ Kh8 66. Rh6+ Kg7 67. Rxh5 Nc2 68. b5 Nd4 (68... Nb4 {might work better.} 69. Ke2 Nd5) 69. f6+ $18 Kg6 70. Rg5+ Kh6 71. Re5 Nb3 $2 (71... Kg6 72. Rg5+ Kh6) 72. Ke3 {White is clearly winning.} Kg6 {If only Black now had time for ...Nc5....} 73. Rg5+ Kh6 74. Kf4 Nd4 75. Rd5 Ne6+ 76. Kf5 Nc7 77. Rd8 Nxb5 78. Ng5 {Precision: White = 72%, Black = 51%.} 1-0

[Event "Emanuel Lasker Open 2017"]
[Site "Gorzow"]
[Date "2017.06.16"]
[Round "5"]
[White "Shishkin, Vadim"]
[Black "Simantsev, Mikhail"]
[Result "1/2-1/2"]
[WhiteElo "2454"]
[BlackElo "2486"]
[Annotator "TA"]
[PlyCount "44"]
[EventDate "2017.??.??"]
[EventType "swiss"]
[EventCountry "POL"]
[SourceTitle "playchess.com"]
[Source "ChessBase"]
[SourceQuality "1"]

{[%evp 21,26,27,12,9,12,12,16]} 1. d4 Nf6 2. c4 e6 3. Nc3 Bb4 4. Qc2 O-O 5. Nf3 c5 6. dxc5 Na6 {[%cal Bb8a6,Ba6c5,Bc5e4][%mdl 32]} 7. g3 Nxc5 8. Bg2 Nce4 9. O-O Nxc3 10. bxc3 Be7 11. e4 d6 12. e5 $1 {[%cal Re5f6] E39: Nimzo-Indian: Classical: 4...c5 5 dxc5 0-0} dxe5 13. Nxe5 Qc7 {[#]} {Predecessor:} 14. Qe2 $146 Nd7 15. Bf4 Nxe5 16. Bxe5 Bd6 17. Rfe1 Rb8 18. Rad1 Bxe5 19. Qxe5 Qxe5 20. Rxe5 b6 21. c5 f6 22. cxb6 axb6 {1-0 (55) Navara,D (2730)-Caruana,F (2787) Wijk aan Zee 2016} 1/2-1/2

[Event "Emanuel Lasker Open 2017"]
[Site "Gorzow"]
[Date "2017.06.16"]
[Round "5"]
[White "Sabuk, Piotr"]
[Black "Llaneza Vega, Marcos"]
[Result "1-0"]
[WhiteElo "2368"]
[BlackElo "2424"]
[Annotator "TA"]
[PlyCount "61"]
[EventDate "2017.??.??"]
[EventType "swiss"]
[EventCountry "POL"]
[SourceTitle "playchess.com"]
[Source "ChessBase"]
[SourceQuality "1"]

{[%evp 9,61,39,53,26,26,18,30,22,34,35,44,41,46,43,70,68,64,74,67,79,77,86,75,30,107,79,188,179,189,179,197,154,191,224,238,228,275,269,258,276,424,425,624,618,738,726,695,519,897,890,1214,1039,1058,1044]} 1. d4 d6 2. Nf3 Bg4 3. e4 e6 {[%cal Be7e6,Be6e5][%mdl 32]} 4. Bd3 Nf6 5. O-O Be7 {LiveBook: 10 Games} 6. Bg5 {A41: 1 d4 d6: Tartakower System and Modern Defence} O-O $146 ({Predecessor:} 6... Nbd7 7. Nbd2 h6 8. Bxf6 Bxf6 9. c3 O-O 10. Re1 e5 11. d5 c6 12. c4 Nc5 13. Nf1 {0-1 (26) Roubalik,J (2062)-Vokac,M (2498) Havlickuv Brod 2006}) 7. Nbd2 Nbd7 8. Re1 {White has an edge.} e5 9. h3 Bh5 10. c3 h6 11. Be3 d5 12. exd5 exd4 13. Bxd4 Nxd5 14. Qb3 Nc5 15. Bxc5 $1 Bxc5 16. Be4 Nf6 (16... Nf4 $11 {remains equal.}) 17. g4 $36 {[%mdl 2048] Black is under strong pressure.} Bxg4 (17... Qd6 $16 {might work better.} 18. Kf1 (18. gxh5 $2 Qg3+ 19. Kh1 Qxh3+ 20. Kg1 Qg3+ 21. Kh1 Bxf2 $19) 18... Rae8) 18. hxg4 $18 Nxg4 {[#] White must now prevent ...Qd6.} 19. Re2 (19. Bxb7 Bxf2+ 20. Kg2 Bxe1 $17) (19. Qxb7 $2 Rb8 $19) 19... Qd6 {aiming for ...Qg3+.} 20. Kg2 (20. Bxb7 $2 Qg3+ 21. Kf1 Bxf2 $19) 20... Rad8 21. Rae1 (21. Bxb7 Qg6 $11) ({Don't do} 21. Qxb7 $6 f5 $16) 21... Qf6 22. Qc2 ({Less strong is} 22. Qxb7 Bxf2 23. Rf1 (23. Rxf2 Nxf2 24. Qxc7 Nd3 $15) 23... Bc5 $16) 22... g6 23. Nb3 {[%cal Bd2b3,Bb3d4,Bd4c6][%mdl 32]} Bb6 24. Bxb7 g5 (24... a5 {is a better defense.} 25. Nbd4 h5) 25. Nbd4 {White is clearly winning.} c5 (25... Bxd4 $142 26. Nxd4 Qf4) 26. Nc6 Rd7 27. Ne7+ Kh8 28. Bc8 Rxc8 (28... Rxe7 $142 29. Rxe7 Rxc8) 29. Nxc8 Bc7 30. Re8+ Kg7 31. Ne7 {Precision: White = 75%, Black = 29%.} 1-0

[Event "Emanuel Lasker Open 2017"]
[Site "Gorzow"]
[Date "2017.06.16"]
[Round "5"]
[White "Kucza, Karol"]
[Black "Aliavdin, Nikolai"]
[Result "1-0"]
[WhiteElo "2278"]
[BlackElo "2351"]
[Annotator "ChessBase"]
[PlyCount "89"]
[EventDate "2017.??.??"]
[EventType "swiss"]
[EventCountry "POL"]
[SourceTitle "playchess.com"]
[Source "ChessBase"]
[SourceQuality "1"]
[TimeControl "40/5400+30:1800+30"]

1. e4 {[%emt 0:00:00]} e5 {[%emt 0:00:13]} 2. Nf3 {[%emt 0:00:48]} Nc6 {[%emt 0:00:30]} 3. Bb5 {[%emt 0:00:30]} a6 {[%emt 0:00:30]} 4. Ba4 {[%emt 0:00:30]} Nf6 {[%emt 0:00:30]} 5. O-O {[%emt 0:00:00]} Be7 {[%emt 0:00:00]} 6. Re1 {[%emt 0:00:00]} b5 {[%emt 0:00:00]} 7. Bb3 {[%emt 0:00:00]} d6 {[%emt 0:00:00]} 8. c3 {[%emt 0:00:00]} O-O {[%emt 0:00:00]} 9. d4 {[%emt 0:00:07]} Bg4 {[%emt 0:00:25]} 10. Be3 {[%emt 0:00:06]} exd4 {[%emt 0:01:04]} 11. cxd4 {[%emt 0:02:37]} Na5 {[%emt 0:00:06]} 12. Bc2 {[%emt 0:00:04]} Nc4 {[%emt 0:00:07]} 13. Bc1 {[%emt 0:00:04]} c5 {[%emt 0:00:05]} 14. b3 {[%emt 0:00:04]} Nb6 {[%emt 0:00:07]} 15. Nbd2 {[%emt 0:00:03]} cxd4 {[%emt 0:09:08]} 16. Bb2 {[%emt 0:04:35]} Rc8 {[%emt 0:03:03]} 17. h3 {[%emt 0:05:06]} Bh5 {[%emt 0:02:37]} 18. g4 {[%emt 0:04:29]} Bg6 {[%emt 0:02:43]} 19. Nxd4 {[%emt 0:00:14]} d5 {[%emt 0:00:50]} 20. e5 {[%emt 0:00:28]} Bxc2 {[%emt 0:03:44]} 21. Nxc2 {[%emt 0:00:25]} Ne4 {[%emt 0:05:35]} 22. Nxe4 {[%emt 0:01:54]} dxe4 {[%emt 0:01:43]} 23. Nd4 {[%emt 0:07:15]} Nd5 {[%emt 0:05:31]} 24. Rxe4 {[%emt 0:07:41]} Nc3 {[%emt 0:00:44]} 25. Bxc3 {[%emt 0:00:14]} Rxc3 {[%emt 0:00:05]} 26. Rc1 {[%emt 0:21:38]} Rxh3 {[%emt 0:07:04]} 27. Nf5 {[%emt 0:02:38]} Qxd1+ {[%emt 0:16:11]} 28. Rxd1 {[%emt 0:00:08]} Bc5 {[%emt 0:00:12]} 29. Rc1 {[%emt 0:06:11]} Bb6 {[%emt 0:13:28]} 30. Rc6 {[%emt 0:01:13]} Rb8 {[%emt 0:00:38]} 31. e6 {[%emt 0:09:44]} fxe6 {[%emt 0:04:47]} 32. Rexe6 {[%emt 0:00:39]} Ba5 {[%emt 0:03:17]} 33. Rxa6 {[%emt 0:04:21]} Bc3 {[%emt 0:00:06]} 34. Rab6 {[%emt 0:13:24]} Ra8 {[%emt 0:05:18]} 35. Rxb5 {[%emt 0:01:51]} Rxa2 {[%emt 0:00:17]} 36. Rd6 {[%emt 0:04:04]} Bf6 {[%emt 0:10:50]} 37. Rb8+ {[%emt 0:00:06]} Kf7 {[%emt 0:00:08]} 38. Rb7+ {[%emt 0:00:07]} Kf8 {[%emt 0:01:26]} 39. Rb8+ {[%emt 0:00:21]} Kf7 {[%emt 0:00:05]} 40. Rb7+ {[%emt 0:00:00]} Kf8 {[%emt 0:00:07]} 41. Nxg7 {[%emt 0:04:40]} Ra1+ {[%emt 0:04:13]} 42. Kg2 {[%emt 0:00:06]} Rh2+ {[%emt 0:00:04]} 43. Kxh2 {[%emt 0:00:32]} Be5+ {[%emt 0:00:05]} 44. Kg2 {[%emt 0:00:06]} Bxd6 {[%emt 0:00:04]} 45. Ne6+ {[%emt 0:00:04]} 1-0

[Event "Emanuel Lasker Open 2017"]
[Site "Gorzow"]
[Date "2017.06.16"]
[Round "5"]
[White "Kumala, Aleksander"]
[Black "Kubicka, Anna"]
[Result "1/2-1/2"]
[WhiteElo "2224"]
[BlackElo "2168"]
[Annotator "NA"]
[PlyCount "45"]
[EventDate "2017.??.??"]
[EventType "swiss"]
[EventCountry "POL"]
[SourceTitle "playchess.com"]
[Source "ChessBase"]
[SourceQuality "1"]
[TimeControl "40/5400+30:1800+30"]

1. e4 {[%emt 0:09:54]} d6 {[%emt 0:00:24]} 2. d4 {[%emt 0:00:14]} Nf6 {[%emt 0:00:07]} 3. Nc3 {[%emt 0:00:10]} e5 {[%emt 0:00:20]} 4. Nf3 {[%emt 0:00:06]} Nbd7 {[%emt 0:00:05]} 5. g4 {[%emt 0:00:43]} Nxg4 {[%emt 0:00:51]} 6. Rg1 {[%emt 0:00:09]} Ngf6 {[%emt 0:00:23]} 7. Bc4 {[%emt 0:00:14]} h6 {[%emt 0:00:28]} 8. Be3 {[%emt 0:01:01]} c6 {[%emt 0:00:51]} 9. dxe5 {[%emt 0:00:34]} dxe5 {[%emt 0:00:05]} 10. Qe2 {[%emt 0:01:40]} b5 {[%emt 0:01:04]} 11. Bb3 {[%emt 0:00:22]} Qa5 {[%emt 0:00:05]} 12. O-O-O {[%emt 0:00:49]} Ba6 $1 {[%emt 0:00:56]} 13. Nb1 {[%emt 0:01:31]} c5 {[%emt 0:01:45]} (13... Qc7 $17) 14. Bxf7+ {[%emt 0:04:02]} Kxf7 {[%emt 0:00:14]} 15. Rxd7+ {[%emt 0:00:15]} Nxd7 {[%emt 0:00:35] [#]} 16. Nxe5+ $11 {[%emt 0:00:11]} Nxe5 {[%emt 0:01:03]} 17. Qh5+ {[%emt 0:00:07]} Kg8 {[%emt 0:00:48]} 18. Qxe5 {[%emt 0:00:10]} Rd8 {[%emt 0:04:38]} 19. Rxg7+ {[%emt 0:00:49]} Bxg7 {[%emt 0:00:13]} 20. Qe6+ {[%emt 0:00:04]} Kh7 {[%emt 0:00:23]} 21. Qf5+ {[%emt 0:00:05]} Kg8 {[%emt 0:00:12]} 22. Qe6+ {[%emt 0:00:05]} Kh7 {[%emt 0:00:13]} 23. Qf5+ {[%emt 0:00:05]} 1/2-1/2

[Event "Emanuel Lasker Open 2017"]
[Site "Gorzow"]
[Date "2017.06.16"]
[Round "5"]
[White "Balinski, Damian"]
[Black "Ivanov, Mikhail M"]
[Result "1/2-1/2"]
[WhiteElo "2171"]
[BlackElo "2425"]
[Annotator "TA"]
[PlyCount "42"]
[EventDate "2017.??.??"]
[EventType "swiss"]
[EventCountry "POL"]
[SourceTitle "playchess.com"]
[Source "ChessBase"]
[SourceQuality "1"]

{[%evp 12,42,0,6,13,10,50,4,4,8,8,0,0,6,27,14,53,48,48,45,74,66,75,73,75,79,133,85,132,104,193,195,188]} 1. c4 c5 2. g3 Nc6 3. Bg2 g6 4. e3 Bg7 5. Ne2 h5 (5... e5 6. Nbc3 Nge7 7. O-O O-O 8. a3 a5 9. d3 d6 10. Rb1 Rb8 11. Nd5 Nxd5 12. cxd5 Ne7 13. b4 cxb4 14. axb4 b5 15. bxa5 Qxa5 16. Bd2 b4 17. Qb3 Bg4 18. Nc1 Rb6 19. Na2 Be2 {1-0 (57) Nakamura,H (2779)-Dominguez Perez,L (2739) Doha 2016}) 6. h3 {A30: Symmetrical English: Double Fianchetto and Hedgehog} d6 7. Nbc3 {LiveBook: 26 Games} h4 8. g4 {The position is equal.} e5 $146 ({Predecessor:} 8... f5 9. gxf5 Bxf5 10. d3 Qd7 11. Rb1 Nf6 12. a3 Ne5 13. e4 Be6 14. b4 Nh5 15. Nd5 Rc8 16. b5 Bxd5 17. a4 {0-1 (17) Truyens,A (2301)-Ralls,R (2393) LSS email 2012}) 9. f4 (9. d4 $5) 9... Nge7 10. d3 Be6 11. Nd5 f5 12. g5 Bf7 (12... Bd7 {looks sharper.} 13. Ndc3 Qb6 14. Qd2 O-O-O 15. O-O Kb8) 13. O-O Nxd5 (13... Qd7 {with more complications.} 14. Qb3 Nxd5 15. cxd5 Nb4 16. e4 O-O-O) 14. cxd5 Ne7 15. e4 Qd7 16. Rb1 Rc8 17. b3 b5 18. Bb2 Rc7 ({Black should try} 18... O-O) 19. Kh1 Nc8 20. Ng1 Kf8 (20... O-O $16 {keeps fighting.}) 21. Qe2 $18 exf4 {Precision: White = 60%, Black = 35%.} 1/2-1/2

[Event "Emanuel Lasker Open 2017"]
[Site "Gorzow"]
[Date "2017.06.16"]
[Round "5"]
[White "Bartnicki, Pawel"]
[Black "Rudecki, Bartosz"]
[Result "1-0"]
[WhiteElo "2078"]
[BlackElo "2007"]
[Annotator "NA"]
[PlyCount "59"]
[EventDate "2017.??.??"]
[EventType "swiss"]
[EventCountry "POL"]
[SourceTitle "playchess.com"]
[Source "ChessBase"]
[SourceQuality "1"]
[TimeControl "40/5400+30:1800+30"]

{[%evp 17,55,75,122,106,117,32767,83,32767,32767,32767,32767,78,102,32767,138,83,101,68,154,41,37,59,32767,32767,32767,32767,26,66,42,58,301,301,988,1225,32767,32767,32767,5760,29991,419]} 1. d4 {[%emt 0:00:00]} Nf6 {[%emt 0:02:24]} 2. c4 {[%emt 0:00:00]} Nc6 {[%emt 0:00:30]} 3. Nc3 {[%emt 0:02:17]} e5 {[%emt 0:00:09]} 4. d5 {[%emt 0:01:00]} Ne7 {[%emt 0:00:06]} 5. e4 {[%emt 0:00:14]} Ng6 {[%emt 0:00:05]} 6. Be3 {[%emt 0:01:14]} Bb4 {[%emt 0:00:08] A50: Queen's Fianchetto Defence (1 d4 Nf6 2 c4 b6)} 7. f3 {[%emt 0:02:34]} (7. Bd3 Bxc3+ 8. bxc3 d6 9. f3 O-O 10. Ne2 Nd7 11. O-O Nc5 12. Bxc5 dxc5 13. Qd2 f6 14. Rae1 {1-0 (37) Almeida Quintana,O (2521)-Benjamin,J (2583) ICC INT 2009}) 7... Qe7 {[%emt 0:05:17]} 8. Nge2 {[%emt 0:02:28]} a5 {[%emt 0:01:25]} 9. a3 {[%emt 0:12:48]} Bxc3+ $146 {[%emt 0:03:04]} ({Predecessor:} 9... Bc5 10. Bxc5 Qxc5 11. Nb5 O-O 12. Nec3 Ne8 13. Qd2 c6 {1-0 (25) Vicsai,G (2174)-Balogh,L (2228) Eger 2005}) 10. Nxc3 {[%emt 0:00:53]} d6 {[%emt 0:00:13]} 11. b4 {[%emt 0:03:39]} axb4 {[%emt 0:05:30]} 12. axb4 {[%emt 0:00:53]} Rxa1 {[%emt 0:00:04]} 13. Qxa1 {[%emt 0:00:05]} O-O {[%emt 0:01:21]} 14. g3 {[%emt 0:08:05]} Nh5 {[%emt 0:02:38]} 15. Be2 {[%emt 0:06:16]} Nh8 {[%emt 0:09:24]} (15... f5 $1 $14) 16. Qa5 {[%emt 0:04:52]} (16. Nb5 $142) 16... f5 {[%emt 0:06:50]} 17. exf5 {[%emt 0:15:53]} Nf6 {[%emt 0:01:41] [#]} (17... Bxf5 $142 18. Nb5 c6) 18. g4 {[%emt 0:06:57]} (18. Nb5 $1 $16) 18... e4 {[%emt 0:00:11]} 19. f4 {[%emt 0:00:09]} Nxg4 {[%emt 0:00:10]} 20. Bxg4 {[%emt 0:01:07]} Qh4+ {[%emt 0:00:07]} 21. Kd2 {[%emt 0:00:11]} Qxg4 {[%emt 0:00:17]} 22. Rg1 {[%emt 0:00:19]} Qxf5 {[%emt 0:00:31]} 23. Qxc7 {[%emt 0:00:22]} Nf7 $2 {[%emt 0:03:38]} (23... Ng6 $16 {is a better defense.}) 24. Qe7 {[%emt 0:03:40]} Qh3 $2 {[%emt 0:01:25]} (24... Qd7 25. Bd4 (25. Qxe4 Nh6 $14) 25... g6 26. Qxd7 e3+ 27. Ke2 Bxd7) 25. Nxe4 {[%emt 0:01:03]} g6 {[%emt 0:03:02]} 26. Nf6+ {[%emt 0:02:57]} Kg7 {[%emt 0:00:09]} 27. Bd4 {[%emt 0:01:23]} Rd8 {[%emt 0:01:49]} 28. Ng4+ $18 {[%emt 0:04:03]} (28. Nxh7+ $142 Kh6 29. Ng5 Qxh2+ 30. Kc3 Be6 31. Nxf7+ Bxf7 {[#]} 32. Rxg6+ $1 {[%mdl 512]} Bxg6 33. Bg7+ Kh7 34. Bf8+ Bf7 35. Qxf7+ Kh8 36. Qg7#) 28... Kg8 {[%emt 0:00:09]} 29. Qf6 {[%emt 0:00:34]} Kf8 {[%emt 0:00:17]} 30. Qg7+ {[%emt 0:00:16]} 1-0

[Event "Emanuel Lasker Open 2017"]
[Site "Gorzow"]
[Date "2017.06.16"]
[Round "5"]
[White "Chyzy, Jakub"]
[Black "Lukasiewicz, Krzysztof"]
[Result "0-1"]
[WhiteElo "1838"]
[BlackElo "2098"]
[Annotator "NA RC"]
[PlyCount "132"]
[EventDate "2017.??.??"]
[EventType "swiss"]
[EventCountry "POL"]
[SourceTitle "playchess.com"]
[Source "ChessBase"]
[SourceQuality "1"]
[TimeControl "40/5400+30:1800+30"]

1. e4 {[%emt 0:00:00]} c6 {[%emt 0:11:45]} 2. d4 {[%emt 0:00:00]} d5 {[%emt 0:00:03]} 3. e5 {[%emt 0:00:00]} Bf5 {[%emt 0:00:05]} 4. Nf3 {[%emt 0:00:00]} e6 {[%emt 0:00:15]} 5. a3 {[%emt 0:00:00]} Nd7 {[%emt 0:05:28]} 6. Be2 {[%emt 0:00:54]} c5 {[%emt 0:01:57] B12: Caro-Kann: Advance Variation} 7. O-O {[%emt 0:10:39]} Ne7 {[%emt 0:01:14]} 8. dxc5 {[%emt 0:01:33]} Nc6 {[%emt 0:05:00]} 9. b4 {[%emt 0:04:23]} a5 $1 {[%emt 0:04:25]} 10. b5 {[%emt 0:02:56]} (10. Bg5 $11 Be7 11. Bxe7 Qxe7 12. Nc3) (10. Nd4 axb4 11. Nxf5 exf5 12. Bb2 Bxc5 13. axb4 Rxa1 14. Bxa1 Nxb4 15. Nc3 {½-½ (50) Svidler,P (2734)-So,W (2674) Amsterdam 2010}) 10... Ncxe5 {[%emt 0:00:08]} 11. Nxe5 {[%emt 0:02:35]} Nxe5 {[%emt 0:00:04]} 12. Qd4 $146 {[%emt 0:09:01]} ({Predecessor:} 12. Bb2 f6 13. Bd4 Be7 14. f4 {1-0 (32) Castella Garcia,F (2381)-Hernandez Casillas,J (2169) Mislata 2007}) 12... f6 {[%emt 0:03:12]} 13. f4 {[%emt 0:16:40]} Rc8 {[%emt 0:06:41]} 14. c6 $1 {[%emt 0:00:46]} Nc4 {[%emt 0:00:14]} 15. Bxc4 {[%emt 0:03:35]} dxc4 {[%emt 0:00:15]} 16. Qxd8+ {[%emt 0:03:52]} Rxd8 {[%emt 0:00:06]} 17. Be3 {[%emt 0:01:52]} bxc6 {[%emt 0:00:31]} ({But not} 17... Bxc2 $6 18. c7 $14) 18. b6 {[%emt 0:01:14]} Bxc2 {[%emt 0:03:48]} 19. Rc1 {[%emt 0:02:47]} Bb3 {[%emt 0:16:28]} 20. Nd2 {[%emt 0:01:26] [#]} Rd3 {[%emt 0:03:05]} (20... Rxd2 $1 $19 {has better winning chances.} 21. Bxd2 Bc5+ 22. Kf1 Bxb6) 21. b7 {[%emt 0:15:16]} Bd6 {[%emt 0:00:38]} 22. Kf2 {[%emt 0:00:13]} Kd7 {[%emt 0:01:52]} 23. Rab1 {[%emt 0:06:05]} (23. Nxc4 $17 {was necessary.} Bxc4 24. Rxc4) 23... Bxa3 {[%emt 0:03:07]} 24. Rxc4 {[%emt 0:02:45]} Bxc4 {[%emt 0:08:17]} 25. Nxc4 {[%emt 0:00:11]} Rxe3 {[%emt 0:00:33]} (25... Bb4 $19 {has better winning chances.} 26. Ba7 Rc3 27. Nxa5 Bxa5) 26. Kxe3 {[%emt 0:03:01]} Bc5+ {[%emt 0:01:43]} 27. Kd3 {[%emt 0:00:53]} Kc7 {[%emt 0:00:57]} 28. Nxa5 {[%emt 0:00:54]} Rd8+ {[%emt 0:01:31]} 29. Kc3 {[%emt 0:04:34]} Bb6 {[%emt 0:00:38]} 30. Nc4 {[%emt 0:00:33]} Bd4+ {[%emt 0:00:08]} 31. Kc2 {[%emt 0:01:00]} Rb8 {[%emt 0:00:18]} 32. Re1 {[%emt 0:01:29]} e5 {[%emt 0:01:09]} 33. fxe5 {[%emt 0:00:16]} Bxe5 {[%emt 0:01:10]} 34. Nxe5 {[%emt 0:00:17]} fxe5 {[%emt 0:00:08]} 35. Rxe5 {[%emt 0:00:22]} Kd6 {[%emt 0:00:10]} 36. Re3 {[%emt 0:01:18]} Rxb7 {[%emt 0:00:06]} 37. Rd3+ {[%emt 0:00:09]} Kc7 {[%emt 0:00:44]} 38. Rf3 {[%emt 0:01:37]} c5 {[%emt 0:00:20]} 39. Kc3 {[%emt 0:00:55]} Kd6 {[%emt 0:01:16]} 40. Rh3 {[%emt 0:00:00]} g6 {[%emt 0:02:14]} 41. Rf3 {[%emt 0:03:02]} Ra7 {[%emt 0:00:26]} 42. Rf6+ {[%emt 0:00:37]} (42. Rf2 $17 {was worth a try.}) 42... Kd5 {[%emt 0:00:13]} 43. Rf2 {[%emt 0:01:46]} Ra3+ {[%emt 0:00:38]} 44. Kb2 {[%emt 0:00:20]} Re3 {[%emt 0:00:04]} 45. Kc2 {[%emt 0:01:23]} Kc4 {[%emt 0:01:02]} 46. Rf4+ {[%emt 0:01:30]} Kb5 {[%emt 0:00:05]} 47. Rf7 {[%emt 0:00:51]} h5 {[%emt 0:02:35]} 48. g3 $1 $11 {[%emt 0:01:54]} Re6 $2 {[%emt 0:01:35]} ({Better is} 48... g5 $19 49. Kd2 Ra3) 49. Kc3 {[%emt 0:01:07]} Re3+ {[%emt 0:01:10]} 50. Kd2 $2 {[%emt 0:01:48]} Ra3 {[%emt 0:00:24]} 51. Kc2 {[%emt 0:02:04]} Kb4 {[%emt 0:02:51]} 52. Rf6 {[%emt 0:03:19]} Ra2+ {[%emt 0:00:09]} 53. Kb1 {[%emt 0:01:46]} Rxh2 54. Rxg6 {[%emt 0:00:21]} c4 {[%emt 0:01:28]} 55. Rf6 {[%emt 0:00:44]} Rh3 {[%emt 0:06:00]} 56. Rf5 {[%emt 0:01:47]} Kb3 {[%emt 0:01:27]} 57. Rb5+ {[%emt 0:09:40]} Kc3 {[%emt 0:00:05]} 58. Rf5 {[%emt 0:00:22]} Rh1+ {[%emt 0:01:53]} 59. Ka2 {[%emt 0:00:07]} Kc2 {[%emt 0:02:06]} 60. Rf2+ {[%emt 0:01:13]} Kd3 {[%emt 0:02:04]} 61. Rf3+ {[%emt 0:00:21]} Kd2 {[%emt 0:01:13]} 62. Rf2+ {[%emt 0:03:02]} Ke3 {[%emt 0:01:38]} 63. Rf4 $2 {[%emt 0:00:52]} (63. Rf5) 63... h4 {[%emt 0:03:00]} 64. Rg4 {[%emt 0:03:39]} c3 {[%emt 0:02:13]} 65. Kb3 {[%emt 0:01:20]} Kd3 {[%emt 0:00:06]} 66. gxh4 {[%emt 0:00:09]} Rb1+ {[%emt 0:00:06]} 0-1